| 000 | 00742nam a22002177a 4500 | ||
|---|---|---|---|
| 003 | 0 | ||
| 005 | 20250124102411.0 | ||
| 008 | 250124b xxu||||| |||| 00| 0 eng d | ||
| 020 | _a978-1-77469-809-9 | ||
| 050 |
_aHD 30.2 _b.Sh56 2024 |
||
| 100 | _aDr. Shivesh | ||
| 245 |
_aInformation management: strategies for gaining a competitive advantage with data _cDr. Shivesh |
||
| 260 |
_aCanada _bSociety Publishing _c2024 |
||
| 300 |
_axiv, 213 pages : _bcolored illustrations ; _c23cm. |
||
| 504 | _aIncludes bibliographical references and index. | ||
| 650 | _aInformation resources management. | ||
| 650 | _aManagement information systems. | ||
| 650 | _aBusiness intelligence. | ||
| 650 | _aStrategic planning. | ||
| 942 |
_2lcc _cBK |
||
| 999 |
_c367045 _d367045 |
||